00529cam a2200181 a 450000100100000000500170001000800410002704000290006808200180009710000340011524500450014926000440019430000210023849000160025965000260027565000300030183000160033100001852320200929165822.0750401s1974 nyu 000 1 eng d aDO-SdBNPbengcLCdBNPHU a813.54bC147s1 aCaldwell, Taylor,d1900-1985.14aThe sound of thunder /cTaylor Caldwell. aGarden City, New York :bBantam,c1974. a570 p. ;c18 cm.1 aBantam Book 4aNovela estadounidense 4aLiteratura estadounidense 0aBantam Book